Statistics for Bloons TD 6 Monkeys

Click here to take the quiz!

General Stats

  • This quiz has been taken 364 times
  • The average score is 20 of 22

Answer Stats

ClassMonkey% Correct
PrimaryDart Monkey
99%
PrimaryBoomerang Monkey
96%
MilitarySniper Monkey
96%
PrimaryBomb Shooter
94%
PrimaryTack Shooter
94%
MagicSuper Monkey
93%
SupportBanana Farm
92%
MilitaryHeli Pilot
92%
MilitaryMonkey Sub
92%
MagicWizard Monkey
92%
MilitaryMonkey Buccaneer
91%
PrimaryGlue Gunner
90%
PrimaryIce Monkey
90%
SupportMonkey Village
90%
MagicNinja Monkey
88%
SupportEngineer Monkey
87%
SupportSpike Factory
87%
MagicDruid
86%
MilitaryMonkey Ace
85%
MilitaryDartling Gunner
82%
MilitaryMortar Monkey
81%
MagicAlchemist
80%

Score Distribution

Percentile by Number Answered

Percent of People with Each Score

Your Score History

You have not taken this quiz